[Event "IND-ch U15 47th"]
[Site "New Delhi"]
[Date "2022.11.29"]
[Round "3"]
[White "Aarav, Sinha"]
[Black "Naga Akhil Charan, B."]
[Result "1/2-1/2"]
[WhiteElo "1854"]
[BlackElo "1625"]
[PlyCount "76"]
[EventDate "2022.11.28"]
[EventType "swiss"]
[EventRounds "11"]
[EventCountry "IND"]
[SourceTitle "CBM 211 Extra"]
[Source "ChessBase"]
[SourceDate "2023.01.31"]
[SourceVersion "1"]
[SourceVersionDate "2023.01.31"]
[SourceQuality "1"]

1. e4 c5 2. Nf3 g6 3. d4 cxd4 4. Nxd4 Nc6 5. c4 Nf6 6. Nc3 d6 7. f3 Nxd4 8. Qxd4 Bg7 9. Be3 0-0 10. Qd2 Be6 11. Rc1 Qa5 12. Be2 Rfc8 13. b3 a6 14. 0-0 b5 15. cxb5 axb5 16. Bd4 b4 17. Na4 Nd7 18. Bxg7 Kxg7 19. Rxc8 Rxc8 20. Rc1 Rxc1+ 21. Qxc1 Qa7+ 22. Kf1 Nb6 23. Qb2+ f6 24. Qd4 Nc8 25. Qxb4 Qe3 26. Qc3 Qa7 27. Qd2 h5 28. Nc3 h4 29. Nb5 Qc5 30. Qc3 Qg5 31. Nd4 Bd7 32. Qc7 h3 33. g3 Qe3 34. Qxd7 Qxd4 35. Qxc8 Qa1+ 36. Kf2 Qd4+ 37. Kf1 Qa1+ 38. Kf2 Qd4+ 1/2-1/2